[Event "CYCC U16"]
[Site "Montreal CAN"]
[Date "2014.07.17"]
[Round "6"]
[White "Thanabalachandran, Kajan"]
[Black "Hunter, Harold"]
[Result "1-0"]
[WhiteElo "1798"]
[BlackElo "1493"]
[PlyCount "81"]
[EventDate "2014.07.15"]
[EventType "swiss"]
[EventRounds "7"]
[EventCountry "CAN"]

1. e4 c5 2. Nf3 d6 3. d4 cxd4 4. Nxd4 Nf6 5. Nc3 a6 6. Bg5 e6 7. f4 Qb6 8. Qd2
Qxb2 9. Rb1 Qa3 10. Be2 Qa5 11. O-O Be7 12. Bf3 Nbd7 13. Qe3 Qc7 14. Rbe1 h6
15. Bh4 e5 16. Nf5 exf4 17. Qd4 Qc5 18. Qxc5 Nxc5 19. Nxg7+ Kf8 20. Nf5 Bxf5
21. exf5 Nd5 22. Nxd5 Bxh4 23. Rd1 Bg5 24. Rd4 Kg7 25. Nxf4 Bxf4 26. Rxf4 Rab8
27. Rd4 Rhd8 28. Rfd1 Rbc8 29. Rxd6 Rxd6 30. Rxd6 Rc7 31. Rb6 Na4 32. Rxb7 Rxb7
33. Bxb7 Nc5 34. Bd5 Kf6 35. g4 Na4 36. Kf2 Nc3 37. Bc4 Kg5 38. Kf3 h5 39. h3
hxg4+ 40. hxg4 Kf6 41. Kf4 1-0

[Event "CYCC U16"]
[Site "Montreal CAN"]
[Date "2014.07.17"]
[Round "6"]
[White "Ye, Hanyuan"]
[Black "Shi, Diwen"]
[Result "1-0"]
[WhiteElo "2088"]
[BlackElo "2228"]
[PlyCount "138"]
[EventDate "2014.07.15"]
[EventType "swiss"]
[EventRounds "7"]
[EventCountry "CAN"]

1. e4 c5 2. Nf3 d6 3. d4 cxd4 4. Nxd4 Nf6 5. Nc3 g6 6. f4 Nc6 7. Nxc6 bxc6 8.
e5 Nd7 9. exd6 exd6 10. Bd3 Nc5 11. O-O Be7 12. Ne4 Nxd3 13. Qxd3 O-O 14. Be3
Bf5 15. Qd4 d5 16. Ng3 c5 17. Qd2 Bc8 18. f5 Rb8 19. fxg6 hxg6 20. Bh6 Re8 21.
Qf2 Be6 22. Rae1 Qd7 23. b3 Rb4 24. Bf4 Bf8 25. c3 Rb6 26. Be5 Bg4 27. h3 Rxe5
28. Rxe5 Be6 29. Nh5 Bf5 30. Rxf5 Qxf5 31. Qxf5 gxf5 32. Rxf5 d4 33. cxd4 cxd4
34. Rd5 Ra6 35. a4 Rb6 36. Rb5 d3 37. Kf2 Rd6 38. Ke1 d2+ 39. Kd1 Bh6 40. g3
Rd3 41. Nf6+ Kf8 42. Rb8+ Kg7 43. Ng4 Bg5 44. Rb5 Bd8 45. Ne5 Rxg3 46. Kxd2
Rxh3 47. Rb7 Rh2+ 48. Kd3 Rh3+ 49. Kc4 Kf6 50. Nc6 Bb6 51. Nxa7 Bxa7 52. Rxa7
Ke6 53. Ra6+ Ke5 54. Ra8 f5 55. a5 f4 56. a6 Rh7 57. Rf8 Ke4 58. Kb5 Ke3 59.
Kb6 Rh6+ 60. Kb7 Rh7+ 61. Kb8 f3 62. a7 Ke2 63. a8=Q f2 64. Qf3+ Kd2 65. Qxf2+
Kc3 66. Rf3+ Kb4 67. Qd4+ Ka3 68. Qa4+ Kb2 69. Rf2+ Kc3 1-0

[Event "CYCC U16"]
[Site "Montreal CAN"]
[Date "2014.07.17"]
[Round "6"]
[White "Yu, Zong Yang"]
[Black "Doknjas, John"]
[Result "1-0"]
[WhiteElo "2287"]
[BlackElo "2209"]
[PlyCount "63"]
[EventDate "2014.07.15"]
[EventType "swiss"]
[EventRounds "7"]
[EventCountry "CAN"]

1. d4 Nf6 2. Nf3 c5 3. e3 d5 4. c3 e6 5. Nbd2 Nbd7 6. Ne5 Nxe5 7. dxe5 Nd7 8.
f4 f5 9. b3 b6 10. Bd3 h5 11. Nf3 Be7 12. O-O Bb7 13. c4 Qc7 14. cxd5 Bxd5 15.
Bxf5 O-O-O 16. e4 Bxb3 17. Qxb3 exf5 18. exf5 c4 19. Qc2 b5 20. Be3 Bc5 21.
Bxc5 Nxc5 22. Rfb1 a6 23. a4 Nb3 24. Rxb3 cxb3 25. Qxb3 Qb6+ 26. Kh1 Kb7 27.
Rb1 Rhf8 28. axb5 axb5 29. Qb4 Rf7 30. g3 Rc7 31. Kg2 Rd3 32. Qe4+ 1-0

[Event "CYCC U16"]
[Site "Montreal CAN"]
[Date "2014.07.17"]
[Round "6"]
[White "Zhu, Hong Rui"]
[Black "Nasir, Zehn"]
[Result "1-0"]
[WhiteElo "2145"]
[BlackElo "2105"]
[PlyCount "129"]
[EventDate "2014.07.15"]
[EventType "swiss"]
[EventRounds "7"]
[EventCountry "CAN"]

1. e4 c6 2. d4 d5 3. exd5 cxd5 4. Bd3 Nf6 5. c3 Qc7 6. Bg5 e6 7. Nd2 Bd6 8.
Ngf3 Nbd7 9. O-O Ng4 10. Kh1 h6 11. Bh4 Nxh2 12. Nxh2 Bxh2 13. g3 g5 14. Kxh2
gxh4 15. Qh5 Qd8 16. Rae1 Nf6 17. Qxh4 h5 18. Kg2 Ng4 19. Qxd8+ Kxd8 20. Rh1
Bd7 21. Rh4 Ke7 22. Be2 Nf6 23. Reh1 b5 24. Bxh5 Nxh5 25. Rxh5 Rxh5 26. Rxh5 b4
27. Rh1 Rc8 28. Rc1 Rc6 29. Nb1 Bc8 30. Kf1 Ba6+ 31. Ke1 Bd3 32. Kd2 Bxb1 33.
Rxb1 Ra6 34. Ra1 b3 35. a3 Rc6 36. Kd3 Kf6 37. Rh1 Rc8 38. Ke3 a5 39. a4 Rc4
40. Ra1 Rc8 41. Ra3 Rb8 42. Kd3 Kf5 43. f3 Rg8 44. Rxb3 Rxg3 45. Ke3 Rg8 46.
Rb5 Rg1 47. Rxa5 Re1+ 48. Kd2 Ra1 49. b4 Kf4 50. b5 Ra2+ 51. Kc1 Ke3 52. b6 Kd3
53. Rc5 Rxa4 54. b7 Ra1+ 55. Kb2 Rf1 56. b8=Q Rf2+ 57. Kb3 Rxf3 58. Qe5 Re3 59.
Qf4 f5 60. Rxd5 exd5 61. Qxf5+ Kd2 62. Qxd5 Rxc3+ 63. Kb4 Rc1 64. Qg5+ Kc2 65.
Qxc1+ 1-0

[Event "CYCC U16"]
[Site "Montreal CAN"]
[Date "2014.07.18"]
[Round "7"]
[White "Doknjas, John"]
[Black "Liu, Yu Qing"]
[Result "1/2-1/2"]
[WhiteElo "2171"]
[BlackElo "1404"]
[PlyCount "58"]
[EventDate "2014.07.15"]
[EventType "swiss"]
[EventRounds "7"]
[EventCountry "CAN"]

1. d4 d5 2. c4 e6 3. Nc3 c6 4. e4 dxe4 5. Nxe4 Nd7 6. Nf3 Ngf6 7. Nxf6+ Nxf6 8.
Bd3 c5 9. dxc5 Qc7 10. O-O Bxc5 11. b3 b6 12. Bb2 Bb7 13. Qe2 Be7 14. Rfe1 O-O
15. Ne5 Rad8 16. Rad1 Rfe8 17. a3 Qb8 18. Rd2 Qa8 19. f4 Bc5+ 20. Kh1 Ne4 21.
Bxe4 Bxe4 22. Nd7 Bf5 23. Qe5 f6 24. Nxf6+ gxf6 25. Qxf6 Bf8 26. Qh8+ Kf7 27.
Qf6+ Kg8 28. Qh8+ Kf7 29. Qf6+ Kg8 1/2-1/2

[Event "CYCC U16"]
[Site "Montreal CAN"]
[Date "2014.07.18"]
[Round "7"]
[White "Harris, Gabriel"]
[Black "Hunter, Harold"]
[Result "0-1"]
[WhiteElo "1325"]
[BlackElo "1493"]
[PlyCount "88"]
[EventDate "2014.07.15"]
[EventType "swiss"]
[EventRounds "7"]
[EventCountry "CAN"]

1. Nf3 Nf6 2. g3 g6 3. Bg2 Bg7 4. O-O O-O 5. d3 d5 6. Nbd2 Re8 7. c4 c6 8. cxd5
cxd5 9. d4 Nc6 10. e3 Bf5 11. a3 Ne4 12. Nh4 Nxd2 13. Qxd2 Na5 14. Qd1 Rc8 15.
Nxf5 gxf5 16. b3 e6 17. Bd2 b6 18. Bxa5 bxa5 19. Qd2 Qb6 20. Rab1 Bf8 21. a4
Bb4 22. Qa2 Rc3 23. Rfc1 Rec8 24. Rxc3 Rxc3 25. Bf1 Qc7 26. Rb2 Kg7 27. Kg2 e5
28. dxe5 Qxe5 29. Be2 d4 30. exd4 Qxd4 31. Bc4 Qe4+ 32. Kh3 Qg4+ 33. Kg2 f4 34.
Qb1 Qf3+ 35. Kh3 fxg3 36. fxg3 Re3 37. Qf1 Qh5+ 38. Kg2 Qg6 39. Rf2 Re7 40. Re2
Qc6+ 41. Kh3 Qd7+ 42. Kh4 Rxe2 43. Qxe2 Be7+ 44. Kh5 Qf5# 0-1

[Event "CYCC U16"]
[Site "Montreal CAN"]
[Date "2014.07.18"]
[Round "7"]
[White "Li, Robert"]
[Black "Thanabalachandran, Kajan"]
[Result "0-1"]
[WhiteElo "1764"]
[BlackElo "1798"]
[PlyCount "150"]
[EventDate "2014.07.15"]
[EventType "swiss"]
[EventRounds "7"]
[EventCountry "CAN"]

1. e4 c5 2. Nf3 e6 3. c3 d5 4. e5 d4 5. Qc2 Nc6 6. Bb5 Nge7 7. cxd4 cxd4 8. O-O
a6 9. Bc4 Bd7 10. d3 Rc8 11. Qe2 Nb4 12. Bb3 Bb5 13. Na3 Bxd3 14. Qd2 Nec6 15.
Rd1 Na5 16. Ne1 Nxb3 17. axb3 Bg6 18. Qxd4 Qxd4 19. Rxd4 Nc6 20. Rc4 b5 21. Rh4
Nxe5 22. Be3 Be7 23. Rh3 Bf6 24. Bd4 O-O 25. f4 Nd7 26. Bxf6 Nxf6 27. Rd1 Rfd8
28. Rxd8+ Rxd8 29. Rf3 Rd1 30. Kf1 Ne4 31. Re3 Nf6 32. Ke2 Rd6 33. h3 Nd5 34.
Rf3 Be4 35. Rf2 Nb4 36. Ke3 Bd5 37. Rd2 Kf8 38. Nac2 Nxc2+ 39. Nxc2 Ke7 40. Nd4
Bb7 41. b4 Rd5 42. Rc2 Kd7 43. Nf3 f6 44. Rc3 Rd6 45. Rc2 Bxf3 46. gxf3 Rc6 47.
Rd2+ Kc7 48. Rd3 Rc4 49. Rb3 Kc6 50. Rc3 Kb6 51. Rb3 h6 52. h4 e5 53. fxe5 fxe5
54. h5 Rh4 55. Kd3 Rxh5 56. Ke4 Rg5 57. Rd3 Kc6 58. Rd5 Rg2 59. Rc5+ Kb6 60.
Rxe5 Re2+ 61. Kd5 Rxe5+ 62. Kxe5 Kc6 63. f4 Kd7 64. Kf5 g5 65. fxg5 hxg5 66.
Kxg5 Kd6 67. Kf4 Kd5 68. Ke3 Kc4 69. Kd2 Kb3 70. Kc1 Kxb4 71. Kb1 Kb3 72. Kc1
a5 73. Kb1 a4 74. Kc1 a3 75. Kb1 b4 0-1

[Event "CYCC U16"]
[Site "Montreal CAN"]
[Date "2014.07.18"]
[Round "7"]
[White "Poirier, Alexis"]
[Black "Balachandran, Shesan"]
[Result "1-0"]
[WhiteElo "1291"]
[BlackElo "1312"]
[PlyCount "83"]
[EventDate "2014.07.15"]
[EventType "swiss"]
[EventRounds "7"]
[EventCountry "CAN"]

1. e4 c5 2. Nf3 d6 3. d4 cxd4 4. Nxd4 Nf6 5. Nc3 g6 6. Be3 Bg7 7. Bc4 e6 8.
Ndb5 d5 9. exd5 exd5 10. Bxd5 a6 11. Bxf7+ Kxf7 12. Qxd8 Rxd8 13. Nc7 Ng4 14.
Nxa8 Nxe3 15. fxe3 Rd6 16. Nc7 Rc6 17. O-O+ Kg8 18. N7d5 Re6 19. Rad1 Nc6 20.
Nb6 Re8 21. Nxc8 Rxc8 22. Rd7 Ne5 23. Rxb7 Ng4 24. Nd5 Rd8 25. Ne7+ Kh8 26. Nc6
Rf8 27. Rxf8+ Bxf8 28. Nd4 Bd6 29. Ra7 Bc5 30. Ra8+ Kg7 31. Ne6+ Kf6 32. Nxc5
Nxe3 33. Rxa6+ Kg5 34. Ne6+ Kh6 35. Nd4 Nc4 36. b3 Ne5 37. b4 Nd7 38. b5 Nc5
39. Ra7 Ne4 40. b6 Nd6 41. b7 Nxb7 42. Rxb7 1-0

[Event "CYCC U16"]
[Site "Montreal CAN"]
[Date "2014.07.18"]
[Round "7"]
[White "Shi, Diwen"]
[Black "Dorrance, Adam"]
[Result "1/2-1/2"]
[WhiteElo "2182"]
[BlackElo "2250"]
[PlyCount "49"]
[EventDate "2014.07.15"]
[EventType "swiss"]
[EventRounds "7"]
[EventCountry "CAN"]

1. e4 c6 2. d4 d5 3. e5 c5 4. dxc5 Nc6 5. Bb5 e6 6. Be3 Nge7 7. Nf3 Bd7 8. Nc3
Qc7 9. Bxc6 Nxc6 10. Bd4 Nxd4 11. Qxd4 Bxc5 12. Qh4 O-O 13. O-O b5 14. Rfe1 a5
15. Ne2 b4 16. Nf4 f6 17. Nd3 Be7 18. Rac1 Rae8 19. Qd4 Bb5 20. c3 Qc4 21. Re3
fxe5 22. Ndxe5 Qc7 23. Qd2 bxc3 24. Rexc3 Qb8 25. Nc6 1/2-1/2

[Event "CYCC U16"]
[Site "Montreal CAN"]
[Date "2014.07.18"]
[Round "7"]
[White "Zhu, Hong Rui"]
[Black "Li, Yinshi"]
[Result "1/2-1/2"]
[WhiteElo "2145"]
[BlackElo "2088"]
[PlyCount "47"]
[EventDate "2014.07.15"]
[EventType "swiss"]
[EventRounds "7"]
[EventCountry "CAN"]

1. d4 d5 2. c4 e6 3. Nc3 c6 4. e3 f5 5. Bd3 Bd6 6. Nge2 Nf6 7. f3 O-O 8. Qc2
Kh8 9. Bd2 dxc4 10. Bxc4 b5 11. Bd3 Bb7 12. O-O a6 13. e4 fxe4 14. fxe4 e5 15.
Kh1 Nbd7 16. Bg5 Qb6 17. dxe5 Bxe5 18. Bf4 Ng4 19. Nd1 c5 20. Ne3 Ndf6 21. Nxg4
Nxg4 22. Bxe5 Nxe5 23. Ng3 Rad8 24. Be2 1/2-1/2

[Event "CYCC U16/18 w"]
[Site "Montreal CAN"]
[Date "2014.07.15"]
[Round "1"]
[White "Li, Kristen"]
[Black "Zhang, Manxuan (Rebecca)"]
[Result "1-0"]
[WhiteElo "1674"]
[BlackElo "1496"]
[PlyCount "115"]
[EventDate "2014.07.15"]
[EventType "tourn"]
[EventRounds "7"]
[EventCountry "CAN"]

1. e4 c5 2. Nf3 Nc6 3. d4 cxd4 4. Nxd4 Qb6 5. Nb3 Nf6 6. Nc3 e6 7. Bd3 d6 8.
Be3 Qc7 9. f4 Be7 10. Qf3 a6 11. O-O O-O 12. Qg3 b5 13. a3 Bb7 14. Qh3 h6 15.
Rf3 Rfd8 16. f5 exf5 17. exf5 Ne5 18. Rg3 Kf8 19. Rf1 Rac8 20. Nd4 d5 21. Bxh6
gxh6 22. Ncxb5 axb5 23. Bxb5 Bc6 24. Bxc6 Nxc6 25. Ne6+ fxe6 26. fxe6 Bc5+ 27.
Kh1 Qe5 28. Rgf3 Ke7 29. Qxh6 Rf8 30. g4 Qxe6 31. g5 Ng4 32. Qg7+ Kd6 33. Rxf8
Rxf8 34. Qxf8+ Kc7 35. Qf4+ Bd6 36. Qf7+ Qxf7 37. Rxf7+ Kd8 38. h3 Nge5 39. Rf6
Ke7 40. b4 Nd4 41. Rf2 Ndf3 42. g6 Kf6 43. Kg2 Kxg6 44. Rxf3 Nxf3 45. Kxf3 Be5
46. a4 Bc3 47. b5 Ba5 48. Ke3 Bb6+ 49. Kd3 Kg5 50. c4 d4 51. a5 Bc5 52. b6 Kh4
53. b7 Ba7 54. c5 Kxh3 55. c6 Bb8 56. Kxd4 Kg4 57. a6 Kf5 58. Kd5 1-0

[Event "CYCC U16/18 w"]
[Site "Montreal CAN"]
[Date "2014.07.15"]
[Round "1"]
[White "Nyamdorj, Uranchimeg"]
[Black "Giblon, Rebecca"]
[Result "1-0"]
[WhiteElo "1810"]
[BlackElo "2008"]
[PlyCount "150"]
[EventDate "2014.07.15"]
[EventType "tourn"]
[EventRounds "7"]
[EventCountry "CAN"]

1. e4 e5 2. Nf3 Nc6 3. Bb5 a6 4. Ba4 Nf6 5. O-O Nxe4 6. Re1 Nc5 7. Nxe5 Nxe5 8.
Rxe5+ Be7 9. Bb3 Nxb3 10. axb3 O-O 11. d4 Bf6 12. Re1 Re8 13. c3 Rxe1+ 14. Qxe1
b6 15. Bf4 Bb7 16. Nd2 Bg5 17. Bg3 f5 18. f4 Bf6 19. Qf1 Kh8 20. Nf3 d6 21. Re1
Qg8 22. Nd2 Re8 23. Bf2 Rxe1 24. Qxe1 Qf7 25. Qe2 Qe7 26. Qd3 g6 27. b4 Qd7 28.
b3 Qc6 29. Nf3 Qe4 30. Qxe4 fxe4 31. Ng5 d5 32. Kf1 c5 33. bxc5 bxc5 34. Ne6
cxd4 35. cxd4 Kg8 36. Ke2 Be7 37. Ke3 Ba3 38. g3 Bc6 39. Be1 Bc1+ 40. Bd2 Bxd2+
41. Kxd2 Ba8 42. b4 Kf7 43. Nc5 Bc6 44. Nxa6 Ke7 45. Ke3 Kd6 46. g4 Bd7 47. g5
Bc8 48. Nc5 Kc6 49. Na4 Kb5 50. Nc3+ Kc4 51. Na4 Kxb4 52. Nb6 Be6 53. Na8 Kc4
54. Nc7 Bf7 55. h4 Kb4 56. Na6+ Kb5 57. Nc5 Kc6 58. Nb3 Kd6 59. Nc5 Ke7 60. Nb7
Bg8 61. Nc5 Kd6 62. Nb7+ Ke6 63. Nc5+ Kf5 64. Nd7 Ke6 65. Nf6 Kf7 66. Nxd5 Kg7
67. Kxe4 h6 68. Ne7 hxg5 69. hxg5 Ba2 70. Ke5 Kf7 71. Nc6 Bb3 72. d5 Ba4 73.
Kd6 Bb3 74. Ne5+ Kg7 75. Kc6 Bc2 1-0

[Event "CYCC U16/18 w"]
[Site "Montreal CAN"]
[Date "2014.07.15"]
[Round "1"]
[White "Tao, Rachel"]
[Black "Ma, Indy"]
[Result "1/2-1/2"]
[WhiteElo "1666"]
[BlackElo "1631"]
[PlyCount "57"]
[EventDate "2014.07.15"]
[EventType "tourn"]
[EventRounds "7"]
[EventCountry "CAN"]

1. e4 c5 2. Nf3 d6 3. c4 Nf6 4. Nc3 e6 5. d4 cxd4 6. Nxd4 Be7 7. Be2 Nc6 8. O-O
O-O 9. Be3 Bd7 10. Qd2 a6 11. a3 Rc8 12. f4 e5 13. Nxc6 Bxc6 14. Bf3 Bd7 15. b3
Ng4 16. Bxg4 Bxg4 17. f5 Bh5 18. Nd5 f6 19. Rac1 Re8 20. h3 Bf7 21. Bb6 Qd7 22.
c5 Bxd5 23. Qxd5+ Kh8 24. Rfd1 Qc6 25. Qxc6 Rxc6 26. b4 Rec8 27. a4 dxc5 28.
bxc5 Kg8 29. Rd7 1/2-1/2

[Event "CYCC U16/18 w"]
[Site "Montreal CAN"]
[Date "2014.07.15"]
[Round "1"]
[White "Wang, Yan"]
[Black "Pobereshnikova, Agniya"]
[Result "1-0"]
[WhiteElo "1574"]
[BlackElo "1466"]
[PlyCount "131"]
[EventDate "2014.07.15"]
[EventType "tourn"]
[EventRounds "7"]
[EventCountry "CAN"]

1. e4 c5 2. Nf3 e6 3. c3 Nf6 4. d3 Qc7 5. h3 Nc6 6. Be3 b6 7. Nbd2 d5 8. Bg5
Be7 9. exd5 exd5 10. Nb3 O-O 11. Be2 Be6 12. d4 c4 13. Nbd2 Rfd8 14. O-O Rd7
15. Qc2 h6 16. Bh4 Rdd8 17. Rfe1 Re8 18. Bf1 Nd7 19. Bg3 Bd6 20. Bxd6 Qxd6 21.
Re3 Rad8 22. Rae1 f6 23. Nb1 Bf7 24. Na3 a6 25. Qa4 Ndb8 26. Qc2 b5 27. Nb1 Ne7
28. a4 Bg6 29. Qd1 Bxb1 30. Qxb1 bxa4 31. Qa2 Qd7 32. Ra1 Nc8 33. Qxa4 Rxe3 34.
Qxd7 Rxd7 35. fxe3 Kf7 36. Kf2 Rb7 37. Ra2 Nd6 38. Nd2 Re7 39. g4 Ke6 40. Bg2
g5 41. Ra5 Nb5 42. Nf1 Ra7 43. Ng3 Nc6 44. Ra2 a5 45. e4 dxe4 46. Nxe4 Ne7 47.
Nd2 Nd6 48. Ra4 Ra6 49. Nxc4 Nxc4 50. Rxc4 Nd5 51. Bxd5+ Kxd5 52. Rc5+ Kd6 53.
Rf5 Ke7 54. Ke3 Rb6 55. Rf2 Ke6 56. Kd3 Rb5 57. Kc4 Rb7 58. b3 Rc7+ 59. Kd3 Rb7
60. Kc2 Ra7 61. Rf5 a4 62. b4 a3 63. Ra5 Rxa5 64. bxa5 Kd6 65. a6 Kc6 66. d5+
1-0

[Event "CYCC U16/18 w"]
[Site "Montreal CAN"]
[Date "2014.07.15"]
[Round "2"]
[White "Giblon, Rebecca"]
[Black "Ma, Indy"]
[Result "1-0"]
[WhiteElo "2008"]
[BlackElo "1631"]
[PlyCount "41"]
[EventDate "2014.07.15"]
[EventType "tourn"]
[EventRounds "7"]
[EventCountry "CAN"]

1. e4 c5 2. Nf3 d6 3. d4 cxd4 4. Nxd4 Nf6 5. Nc3 a6 6. Bg5 e6 7. f4 Be7 8. Qf3
O-O 9. O-O-O Qc7 10. Bd3 Nc6 11. Nxc6 bxc6 12. Qg3 Kh8 13. e5 dxe5 14. fxe5 Nd5
15. Bxe7 Qxe7 16. Ne4 a5 17. Ng5 h6 18. h4 Ba6 19. Bxa6 Rxa6 20. Qd3 Rb6 21.
Qh7# 1-0

[Event "CYCC U16/18 w"]
[Site "Montreal CAN"]
[Date "2014.07.15"]
[Round "2"]
[White "Nyamdorj, Uranchimeg"]
[Black "Li, Kristen"]
[Result "1-0"]
[WhiteElo "1810"]
[BlackElo "1674"]
[PlyCount "85"]
[EventDate "2014.07.15"]
[EventType "tourn"]
[EventRounds "7"]
[EventCountry "CAN"]

1. e4 c5 2. Nf3 d6 3. Bb5+ Bd7 4. Bxd7+ Nxd7 5. d4 cxd4 6. Qxd4 Ngf6 7. Nc3 e6
8. O-O Be7 9. Bg5 O-O 10. Rad1 a6 11. e5 dxe5 12. Nxe5 Nxe5 13. Qxe5 Qc8 14.
Rd3 Re8 15. Rfd1 Qc6 16. Rg3 Kh8 17. Rh3 Rad8 18. Rdd3 Rxd3 19. Rxd3 b5 20. a3
Qb6 21. h3 h6 22. Be3 Qc6 23. Bd4 Bd6 24. Qe2 e5 25. Be3 a5 26. Qd2 Bf8 27. f3
Rc8 28. Rd8 b4 29. axb4 axb4 30. Ne2 Kg8 31. Rxc8 Qxc8 32. Nc1 Nh5 33. Nd3 Ng3
34. Nxe5 Bc5 35. Bf2 Qc7 36. Nd3 Bd6 37. f4 Nh5 38. Be3 g5 39. Nxb4 gxf4 40.
Bf2 Ng3 41. Nd5 Be5 42. Nxc7 Bxb2 43. Bxg3 1-0

[Event "CYCC U16/18 w"]
[Site "Montreal CAN"]
[Date "2014.07.15"]
[Round "2"]
[White "Pobereshnikova, Agniya"]
[Black "Tao, Rachel"]
[Result "0-1"]
[WhiteElo "1466"]
[BlackElo "1666"]
[PlyCount "84"]
[EventDate "2014.07.15"]
[EventType "tourn"]
[EventRounds "7"]
[EventCountry "CAN"]

1. e4 c5 2. b4 e6 3. bxc5 Bxc5 4. d4 Be7 5. Nf3 d5 6. e5 Nc6 7. Bd3 Qb6 8. c3
Bd7 9. Nbd2 Nh6 10. Rb1 Qc7 11. Qc2 Rc8 12. Nb3 Nb4 13. cxb4 Qxc2 14. Bxc2 Rxc2
15. a3 b6 16. O-O Nf5 17. Bd2 O-O 18. Rfc1 Rfc8 19. Kf1 Bb5+ 20. Ke1 Bd3 21.
Kd1 R2c4 22. Rb2 Nh4 23. Nxh4 Bxh4 24. g3 Be7 25. f3 f6 26. f4 Kf7 27. Be3 a5
28. Na1 a4 29. Nc2 Bf5 30. Kd2 h6 31. h4 Be4 32. Ra2 g5 33. exf6 Bxf6 34. hxg5
hxg5 35. fxg5 Be7 36. Bf4 Kg6 37. Be5 Bxg5+ 38. Bf4 Bxf4+ 39. gxf4 Kf6 40. Rb2
Rh8 41. Ne3 Rh2+ 42. Kd1 Bf3+ 0-1

[Event "CYCC U16/18 w"]
[Site "Montreal CAN"]
[Date "2014.07.15"]
[Round "2"]
[White "Zhang, Manxuan (Rebecca)"]
[Black "Wang, Yan"]
[Result "0-1"]
[WhiteElo "1496"]
[BlackElo "1574"]
[PlyCount "84"]
[EventDate "2014.07.15"]
[EventType "tourn"]
[EventRounds "7"]
[EventCountry "CAN"]

1. e4 c5 2. Na3 d6 3. c3 Bd7 4. g3 Bc6 5. Bg2 Nf6 6. d3 a6 7. Ne2 Nbd7 8. O-O
g6 9. Bg5 Bg7 10. Qd2 h6 11. Bf4 d5 12. exd5 Bxd5 13. d4 Bxg2 14. Kxg2 cxd4 15.
Nxd4 g5 16. Be3 e6 17. Rfe1 O-O 18. Nac2 Nd5 19. c4 Nxe3+ 20. Nxe3 Nc5 21. Rad1
Qb6 22. b4 Ne4 23. Qd3 Nf6 24. a3 Rfd8 25. c5 Qc7 26. Qc2 Rac8 27. Qb1 Nd5 28.
Nxd5 Rxd5 29. Nc2 Rcd8 30. Ne3 Rd4 31. Nc2 Rd2 32. Qc1 Bc3 33. Qb1 Qc6+ 34. Kg1
Qf3 35. Rxd2 Rxd2 36. Rf1 Qe2 37. Ne3 Bd4 38. Nd1 h5 39. Qc1 h4 40. gxh4 gxh4
41. Kg2 Qg4+ 42. Kh1 Qf3+ 0-1

[Event "CYCC U16/18 w"]
[Site "Montreal CAN"]
[Date "2014.07.16"]
[Round "3"]
[White "Ma, Indy"]
[Black "Pobereshnikova, Agniya"]
[Result "1-0"]
[WhiteElo "1631"]
[BlackElo "1492"]
[PlyCount "41"]
[EventDate "2014.07.15"]
[EventType "tourn"]
[EventRounds "7"]
[EventCountry "CAN"]

1. d4 Nf6 2. c4 c5 3. d5 b5 4. b3 g6 5. Bb2 Bg7 6. Qc2 b4 7. e4 d6 8. Nf3 Nbd7
9. Bd3 O-O 10. O-O a5 11. a4 h6 12. Nbd2 Re8 13. e5 dxe5 14. Nxe5 Qc7 15. Ndf3
Nh5 16. Nxf7 Bxb2 17. Nxh6+ Kg7 18. Bxg6 Ndf6 19. Bxe8 Nxe8 20. Qxb2+ Kxh6 21.
Qh8+ 1-0

[Event "CYCC U16/18 w"]
[Site "Montreal CAN"]
[Date "2014.07.16"]
[Round "3"]
[White "Tao, Rachel"]
[Black "Giblon, Rebecca"]
[Result "1/2-1/2"]
[WhiteElo "1666"]
[BlackElo "2008"]
[PlyCount "69"]
[EventDate "2014.07.15"]
[EventType "tourn"]
[EventRounds "7"]
[EventCountry "CAN"]

1. e4 c5 2. Nf3 Nc6 3. c4 e6 4. d4 cxd4 5. Nxd4 Nf6 6. Nc3 Bb4 7. f3 Bxc3+ 8.
bxc3 a6 9. Be3 h6 10. Be2 O-O 11. O-O d6 12. Qd2 Ne7 13. Rfd1 Qc7 14. Nc2 d5
15. exd5 exd5 16. Bf4 Qb6+ 17. Qd4 Qxd4+ 18. cxd4 dxc4 19. Bxc4 b5 20. Bd3 Bb7
21. Ne3 Ned5 22. Nxd5 Nxd5 23. Bd2 Rfd8 24. Be4 Rab8 25. Kf2 Nf6 26. Bf4 Nxe4+
27. fxe4 Rbc8 28. d5 Rc2+ 29. Rd2 Rxd2+ 30. Bxd2 f5 31. Ba5 Rd7 32. e5 Bxd5 33.
a3 Kf7 34. Rc1 Bc4 35. Bb4 1/2-1/2

[Event "CYCC U16/18 w"]
[Site "Montreal CAN"]
[Date "2014.07.16"]
[Round "3"]
[White "Wang, Yan"]
[Black "Nyamdorj, Uranchimeg"]
[Result "1/2-1/2"]
[WhiteElo "1574"]
[BlackElo "1810"]
[PlyCount "68"]
[EventDate "2014.07.15"]
[EventType "tourn"]
[EventRounds "7"]
[EventCountry "CAN"]

1. e4 e5 2. Nf3 Nc6 3. Bb5 Nf6 4. d3 Bc5 5. O-O d6 6. Be3 Bb6 7. Nbd2 O-O 8. h3
Ne7 9. Re1 Ng6 10. Nf1 h6 11. Ng3 Be6 12. Ba4 Nh7 13. Bb3 Kh8 14. c3 Nf4 15.
Bxf4 exf4 16. Ne2 Qf6 17. Ned4 Ng5 18. Nxg5 Qxg5 19. Nxe6 fxe6 20. Qg4 Qxg4 21.
hxg4 e5 22. Bd1 g6 23. Kf1 Kg7 24. f3 h5 25. gxh5 Rh8 26. Bb3 Rxh5 27. Be6 Rh1+
28. Ke2 Rh2 29. Bh3 Rh8 30. Kd1 Be3 31. Rb1 R8xh3 32. gxh3 Rd2+ 33. Kc1 Re2+
34. Kd1 Rd2+ 1/2-1/2

[Event "CYCC U16/18 w"]
[Site "Montreal CAN"]
[Date "2014.07.16"]
[Round "4"]
[White "Giblon, Rebecca"]
[Black "Pobereshnikova, Agniya"]
[Result "1-0"]
[WhiteElo "2062"]
[BlackElo "1492"]
[PlyCount "83"]
[EventDate "2014.07.15"]
[EventType "tourn"]
[EventRounds "7"]
[EventCountry "CAN"]

1. e4 c5 2. Nf3 e6 3. d4 cxd4 4. Nxd4 a6 5. Nc3 Qc7 6. Bd3 Nc6 7. Be3 Bd6 8.
Nxc6 dxc6 9. h3 Nf6 10. Qd2 e5 11. Na4 c5 12. c4 Bd7 13. Nc3 O-O 14. Bg5 Be6
15. Bxf6 gxf6 16. Qh6 Be7 17. Nd5 Qd8 18. O-O-O Bxd5 19. exd5 f5 20. Qh5 e4 21.
Bc2 Bg5+ 22. Kb1 Qf6 23. Qe2 Qe5 24. Rd3 b5 25. Rg3 f6 26. h4 f4 27. Rg4 h5 28.
Rxg5+ fxg5 29. Qxh5 Ra7 30. hxg5 Rf5 31. cxb5 axb5 32. Qe2 Qxd5 33. Qxb5 Qxa2+
34. Kc1 Qa1+ 35. Bb1 Kg7 36. Qe8 Rxg5 37. Qh8+ Kf7 38. Rh7+ Ke6 39. Qe8+ Kf6
40. Qc6+ Kf5 41. Qxe4+ Kg4 42. Qe6+ 1-0

[Event "CYCC U16/18 w"]
[Site "Montreal CAN"]
[Date "2014.07.16"]
[Round "4"]
[White "Li, Kristen"]
[Black "Wang, Yan"]
[Result "0-1"]
[WhiteElo "1646"]
[BlackElo "1574"]
[PlyCount "144"]
[EventDate "2014.07.15"]
[EventType "tourn"]
[EventRounds "7"]
[EventCountry "CAN"]

1. e4 c5 2. Nf3 Nc6 3. d4 cxd4 4. Nxd4 e5 5. Nb5 a6 6. Nd6+ Bxd6 7. Qxd6 Qf6 8.
Qxf6 Nxf6 9. Nc3 Nb4 10. Bd3 d5 11. exd5 Nxd3+ 12. cxd3 Bf5 13. O-O O-O-O 14.
Re1 Rhe8 15. Bg5 Bxd3 16. Rac1 Kb8 17. b3 h6 18. Bh4 b5 19. Rcd1 Bf5 20. d6 Re6
21. h3 b4 22. Na4 g5 23. Bg3 Nd7 24. f3 f6 25. Bf2 Kb7 26. Re2 Rc8 27. Red2
Ree8 28. Rd5 Rc2 29. Ra5 Rc6 30. Nc5+ Nxc5 31. Bxc5 Bd7 32. Bxb4 Rec8 33. Rdd5
Rc1+ 34. Kh2 Kb6 35. Ra3 R8c6 36. Ba5+ Kb7 37. Bc7 R1c2 38. Rda5 Rd2 39. R3a4
Rcc2 40. Rb4+ Bb5 41. Rg4 f5 42. Rg3 f4 43. Rg4 Bd7 44. Rxe5 Bxg4 45. hxg4
Rxg2+ 46. Kh1 Rh2+ 47. Kg1 Rcg2+ 48. Kf1 Rxa2 49. Kg1 Rhd2 50. Re1 Ra3 51. Kf1
Rxb3 52. Re7 Rb1+ 53. Re1 Rxe1+ 54. Kxe1 Rd5 55. Ke2 a5 56. Bd8 a4 57. Be7 Kc6
58. Bf8 Ra5 59. Kd3 a3 60. Kc2 a2 61. Bg7 a1=Q 62. Bxa1 Rxa1 63. Kd3 Ra4 64. d7
Kxd7 65. Ke2 Ra3 66. Kf2 Kd6 67. Kg2 Kd5 68. Kf2 Kd4 69. Ke2 Ra2+ 70. Kf1 Ke3
71. Kg1 Kxf3 72. Kh1 Kg3 0-1

[Event "CYCC U16/18 w"]
[Site "Montreal CAN"]
[Date "2014.07.16"]
[Round "4"]
[White "Nyamdorj, Uranchimeg"]
[Black "Tao, Rachel"]
[Result "1-0"]
[WhiteElo "1810"]
[BlackElo "1666"]
[PlyCount "67"]
[EventDate "2014.07.15"]
[EventType "tourn"]
[EventRounds "7"]
[EventCountry "CAN"]

1. e4 c5 2. Nf3 Nc6 3. Bb5 a6 4. Bxc6 bxc6 5. c4 e6 6. O-O d5 7. cxd5 cxd5 8.
exd5 exd5 9. d4 h6 10. Re1+ Be6 11. Ne5 Qb6 12. Nc3 Nf6 13. Na4 Qa7 14. Nxc5
Bxc5 15. dxc5 Qxc5 16. Qa4+ Qb5 17. Qa3 Rc8 18. Ng6 Qc5 19. Qxc5 Rxc5 20. Nxh8
Kd7 21. Bd2 Rc8 22. Nxf7 Bxf7 23. Bb4 Be6 24. Bc3 Rf8 25. f3 Rf7 26. Rac1 Ne8
27. Be5 Nd6 28. Red1 g6 29. Rc3 Rf8 30. Bg7 Rb8 31. Rdc1 Nb5 32. Rc6 d4 33. a4
Nd6 34. Be5 1-0